000 00832ntaaa2200241 4500
003 01
005 20251027203217.0
008 0714s1973 ag 01
020 _a8428522111 (obra completa)842852212X (volumen I)8428522138 (volumen II)
040 _aAR-BaBN
_bspa
_cAR-BaBN
_eaacr
_dRIC
082 _a200.3 P34n
245 _aNuevo diccionario de catequética /
_cVicente María Pedrosa Arés, María Navarro González, Ricardo Lázaro Recalde
250 _a1 ed.
260 _aMadrid :
_bSan Pablo,
_c1999
300 _a2 v.
500 _aVolumen I: A-I.Volumen II: J-Z.
650 _aCATEQUESIS-DICCIONARIOS
_934036
700 _aPedrosa Arés, Vicente María
_934037
700 _aNavarro González, María
_934038
700 _aRecalde, Ricardo Lázaro
_934039
700 _aSastre García, Jesús
_934040
942 _cBK
999 _c27539
_d27539